000 00708cam a2200229 i 4500
005 20260407135550.0
008 121129s2013 ii b 001 0 eng
010 _a 2012047864
020 _a9788132110095 (hbk)
020 _a8132110099 (hbk)
082 0 0 _a330 GAN
100 1 _aGangopadhyay, Shubhashish,
245 1 0 _aLaw and economics, volumes 1-2 /
_cShubhashis Gangopadhyay and V. Santhakumar.
264 1 _aNew Delhi :
_bSAGE Publications,
_c2013
300 _a2 v. ;
_c22 cm
505 0 _avolume 1. Theory -- volume 2. Practice.
650 0 _aLaw
_xEconomic aspects
_zIndia.
650 0 _aLaw and economics.
650 0 _aLegal Economics.
700 1 _aSanthakumar, V.
942 _2ddc
_cBK
999 _c40369
_d40369